000 004370000a22001690004500
003 MACL
005 20160102135316.0
008 160102b xxu||||| |||| 00| 0 eng d
040 _aMACL
_cMACL
041 _aEnglish
082 _a710/STU
100 _aStuart, C M Villiers
_927139
245 _aGardens Of the Great Mughals
260 _bAdam and Charles Black
_c1913
_aLondon
650 _agardening
_917630
942 _cBK
_k710/STU
_2ddc
999 _c36855
_d36855